|
|
|
|
| LEADER |
00000cam a2200000 7i4500 |
| 001 |
0000017382 |
| 005 |
20230619.0 |
| 008 |
061129 at eng |
| 020 |
|
|
|a 0619215666 (pbk)
|
| 040 |
|
|
|a INS
|
| 090 |
0 |
0 |
|a TK5105.59
|b .C52 2005
|
| 100 |
1 |
|
|a Ciampa, Mark
|
| 245 |
1 |
0 |
|a Security+ Guide to Network Security Fundamentals
|c Mark Ciampa
|
| 250 |
|
|
|a 2nd ed.
|
| 260 |
|
|
|a Australia :
|b Thomson ,
|c c2005
|
| 300 |
|
|
|a xxv, 550 p. :
|b ill. ;
|c 24 cm.
|
| 500 |
|
|
|a Includes index
|
| 650 |
|
0 |
|a Computer networks
|x Security measures
|x Examinations
|v Study guides
|
| 999 |
|
|
|a 0000017263
|b BOOK
|c Open Shelf
|e Default branch
|